Etudes d'histoire et de philosophie des sciences

Αποθηκεύτηκε σε:
Λεπτομέρειες βιβλιογραφικής εγγραφής
Κύριος συγγραφέας: Canguilhem, Georges 1904-
Μορφή: Βιβλίο
Γλώσσα:French
Δημοσίευση: Paris : Librairie Philosophique, 1983
Έκδοση:5e ed., augm.
Σειρά:Problemes et controverses
Θέματα:
Ετικέτες: Προσθήκη ετικέτας
Δεν υπάρχουν, Καταχωρήστε ετικέτα πρώτοι!

MARC

LEADER 00000nam a2200000 i 4500
001 1/7038
008 960722s1983 fre d
020 |a 2-7116-0108-0 
035 |l 10016565 
040 |a GR-MY-UA  |b gre  |e aacr 
041 0 |a fre 
082 0 |a 501 
100 1 |a Canguilhem, Georges  |d 1904- 
245 1 0 |a Etudes d'histoire et de philosophie des sciences /  |c Georges Canguilhem 
250 |a 5e ed., augm. 
260 |a Paris :   |b Librairie Philosophique,   |c 1983 
300 |a 414 σ.;  |c 22 εκ. 
490 1 |a Problemes et controverses 
504 |a Περιέχει βιβλιογραφικές παραπομπές 
650 0 0 |a Science  |x History. 
650 0 0 |a Science  |x Philosophy. 
650 0 0 |a Speeches, addresses, etc. 
830 0 |a Problemes et controverses 
852 |a INST  |b LESVOS  |e 19960722  |h 501 CAN  |p 005100006152  |q 005100006152  |t BK  |y 0 
909 |a Λ  |b 008435